| 000 | 00661nam a2200205 a 4500 | ||
|---|---|---|---|
| 001 | BRCA_2888 | ||
| 005 | 20190320204021.0 | ||
| 008 | 111208s1730----fr-a---###---#000-0#fre-u | ||
| 050 | 4 |
_aF1230 _b.C67 1730 |
|
| 100 | 1 |
_aCortes, Hernando _d1485-1547 _98050 |
|
| 245 | 1 | 0 |
_aHistoire de la conqueste du Mexique _bou de la Nouvelle Espagne _cpar Fernand Cortez ; tr. de l´espagnol de Dom Antoine de Solis. |
| 250 | _a5 | ||
| 260 |
_aParis _bCampagnie des Libraires _c1730 |
||
| 300 |
_a2 v. _bil. _c17 cm. |
||
| 500 | _aB27 | ||
| 651 | 4 |
_aMéxico _xHistoria _9614 |
|
| 700 | 1 |
_aSolis y Rivadeneyra, Antonio de _d1610-1686 _etr _98051 |
|
| 902 | _aGFM | ||
| 942 |
_2lcc _cB |
||
| 999 |
_c2627 _d2627 |
||